000 00784nam a2200217 a 4500
001 000018843
005 20200929165850.0
008 100519s1990 ag 000 f spa d
020 _a9501509842
040 _aDO-SdBNP
_bspa
_cBNPHU
041 1 7 _aspa
_heng
082 _a920.73
_bO583D
100 1 _aDempster, Nigel,
_d1941-
_940601
240 1 0 _aHeiress. the story of christina onassis.
_lEspañol.
245 1 3 _aLa historia de Christina Onassis /
_cNigel Dempster ; traducción de Edith Zilli.
260 _aBuenos Aires :
_bJavier Vergara,
_c1990.
300 _a278 p. ;
_c22 cm.
534 _pTítulo original en inglés:
_tHeiress. the story of christina onassis.
_cWeidenfeld & Nicolson.
650 4 _aOnassis, christina,
_d1950-1988
_940602
700 1 _aZilli, Edith,
_etr.
_93228
999 _c18363
_d18363